000 01492nam0a2200325 4500
001 RU\NLR\bibl\1778330
005 20250616133823.0
010 _a5-8396-0640-5
_9500
035 _a(NLR Aleph) 001769092
090 _a1626449
_c1626449
100 _a20110608d2010 |||y0rusy50 ca
101 0 _arus
102 _aRU
105 _aa |||||||||
200 1 _aБеглопоповская община села Коломенского
_e(конец XVIII-XX вв.)
_fОльга Савостьянова
_gпод ред. С.В. Таранца
210 _aКиев
_cАрхеодоксия
_d2010
215 _a290, [1] с., [16] л. ил., цв. ил., портр.
_cил., портр., факс.
_d22
300 _aК 100-летию образования Мсок. Рогож. старообряд. общины
320 _aБиблиогр. в прим. в конце ст.
320 _aДр. работы авт.: с. 288-289 (13 назв.)
601 0 2 _aМосковская Никольско-Рогожская старообрядческая община
_92092488
_3RU\NLR\auth\661569924
686 _aЭ372.242.11
700 1 _aСавостьянова
_bО.
_gОльга
_4070
801 0 _aRU
_bNLR
_c20110608
_gRCR
801 1 _aRU
_bNLR
_c20110608
942 _cBOOK
980 _aNB